000 00279nam a2200121Ia 4500
008 190216s9999||||xx |||||||||||||| ||und||
100 _aNevil Shute
245 0 _aRuined City
260 _bMacmillan
_c1977
300 _a218
650 _aEnglish Novel-English Novel
942 _cBK
999 _c12629
_d12629